000 00310nam a22001457a 4500
003 SGT
020 _a8186976523
082 _a030.343 077
_bSET
100 _aSETH D D
245 _aENCYCLOPAEDIA OF MINING LAWS
250 _a4
260 _aDELHI
_bDELHI LAW HOUSE
_c2007
300 _a1491
942 _2ddc
_cBK
999 _c32384
_d32384